Normal view
MARC view
Entry Personal Name
001 - CONTROL NUMBER
- control field: 45275
003 - CONTROL NUMBER IDENTIFIER
- control field: ARRUPE
005 - DATE AND TIME OF LATEST TRANSACTION
- control field: 20190319092816.0
008 - FIXED-LENGTH DATA ELEMENTS
- fixed length control field: 190319|| aca||aabn | a|a d
040 ## - CATALOGING SOURCE
- Original cataloging agency: ARRUPE
- Transcribing agency: ARRUPE
100 ## - HEADING--PERSONAL NAME
- Personal name: Surin, Jean-Joseph
670 ## - SOURCE DATA FOUND
- Source citation: Work cat.: (ARRUPE)98164: Surin, Jean-Joseph, Guide spirituel, 1963